Laufey - Silver Lining - Statistics

General Stats
  • This quiz has been taken 82 times
  • The average score is 117 of 151
Answer Stats
Answer % Correct
silver
100%
I
97%
you
97%
a
95%
be
95%
I'll
95%
the
95%
The
95%
there
95%
with
93%
for
91%
to
91%
and
90%
And
90%
go
90%
we
90%
being
88%
lining's
88%
So
88%
so
88%
When
88%
when
88%
cruel
86%
hell
86%
in
86%
long
86%
propose
86%
punished
86%
we're
86%
it
84%
overdue
84%
too
84%
It's
83%
on
72%
away
69%
been
69%
I've
69%
playground
69%
getting
67%
dirty
66%
jokes
66%
bad
64%
kids
64%
like
64%
cinnamon
62%
habits
62%
little
62%
Making
62%
wine
62%
Drowning
60%
falling
60%
into
60%
me
60%
No
60%
red
60%
sniffing
60%
We've
59%
abyss
57%
Acting
57%
at
57%
kissing
57%
love
57%
Staring
57%
time
55%
Never
53%
worst
53%
Fell
52%
met
52%
Now
52%
What
52%
darling
50%
of
50%
one
50%
or
50%
rosy
50%
sin
50%
calm
48%
collected
48%
ever
48%
whim
48%
found
47%
called
45%
miracle
45%
sweet
45%
fields
43%
pirouette
41%
Ooh
34%
No matching quizzes found
Score Distribution
Percent of People with Each Score
Percentile by Number Answered
Your Score History
You have not taken this quiz